000 00402nam a2200121 a 4500
008 120416s9999 ||||||||||||||||| || u
050 _aTHESIS
100 _aSikazwe, Mulengele
245 1 4 _aThe Seventhday Adventist Training Centre
260 _a2003
350 _a0.00
995 _D0.00
_FCBU-MAIN LIBRARY (Kitwe)
_H1
_I0.00
_UAVAILABLE
_ZUniversity Collection
999 _c57360
_d57360